Văn thơ Đông Kinh Nghĩa Thục = Prose et poésies du Đông Kinh Nghĩa Thục
Na minha lista:
| Autor principal: | |
|---|---|
| Formato: | Livro |
| Idioma: | Undetermined |
| Publicado em: |
H.
Văn Hoá
1997
|
| Assuntos: | |
| Tags: |
Adicionar Tag
Sem tags, seja o primeiro a adicionar uma tag!
|
| Thư viện lưu trữ: | Trung tâm Học liệu Trường Đại học Cần Thơ |
|---|
| LEADER | 00796nam a2200205Ia 4500 | ||
|---|---|---|---|
| 001 | CTU_53264 | ||
| 008 | 210402s9999 xx 000 0 und d | ||
| 082 | |a 895.922008 | ||
| 082 | |b S102 | ||
| 100 | |a Vũ Văn Sạch | ||
| 245 | 0 | |a Văn thơ Đông Kinh Nghĩa Thục | |
| 245 | 0 | |b = Prose et poésies du Đông Kinh Nghĩa Thục | |
| 245 | 0 | |c Vũ Văn Sạch, Vũ Thị Minh Hương và Philippe Papin; Vũ Văn Sạch và Đỗ Văn Hỷ biên dịch chữ Hán; Đinh Xuân Lâm, Philippe Papin và Phan Quý Bích biên dịch tiếng Pháp | |
| 260 | |a H. | ||
| 260 | |b Văn Hoá | ||
| 260 | |c 1997 | ||
| 650 | |a vietnamese literature | ||
| 650 | |x collections | ||
| 650 | |y 20th century | ||
| 980 | |a Trung tâm Học liệu Trường Đại học Cần Thơ | ||